Документы по опекунству над имениями Сергея Васильевича Шереметева в селе Богородском Горбатовского уезда и селе Семениках Можай...

Доступно только в Электронных читальных залах Найти на картеНа карте
RUSMARC
00003910nmc2a22002533x 450
0014865105d-1fc4-4abe-b498-38e4a76f1d5e
00520230909091351.0
100##$a20230511l18601862k l0rusy0189 ca
1010#$arus
102##$aRU
105##$ay###
1222#$ad
2001#$aДокументы по опекунству над имениями Сергея Васильевича Шереметева в селе Богородском Горбатовского уезда и селе Семениках Можайского уезда
$j1860-1862 гг.
215##$a56 л.
$d36,5х26 см
251##$cДело
300##$aШереметевы дворяне. Александр Владимирович (1742-1803), Василий Александрович (1795-1862) и Александр Васильевич (1831-1890) Шереметевы
300##$aОтчеты, представления опекуна в местные учреждения и другое
371##$aДокумент не является опубликованным и широко распространяемым
461#0$100198b93a77-94f0-46bb-a7e0-b5027cc72a67
$12001
$aШереметевы, графы
$1251
$cФонд
$1852
$j1088
462#0$1001d3ce280e-361b-49f4-86d2-e1a120f828b4
$12001
$aЛичные документы, переписка и документы, связанные со служебной и общественной деятельностью графов Бориса Петровича, Петра Борисовича, Николая Петровича и Дмитрия Шереметевых
$1251
$cОпись
$1852
$j1
801#0$aRU
$bРГИА
$c20230511
$gRCR
801#1$aRU
$bГлавНИВЦ
$c20230511
$2rusmarc
801#2$aRU
$bПБ им. Б.Н. Ельцина
$c20230909
$gRCR
$2rusmarc
850##$aРГИА
852##$aРГИА
$eФедеральное казенное учреждение "Российский государственный исторический архив" (РГИА)
$j732
937##$hРГИА
$d12399742
$aASBIBLIO_SCAN
035##$aRusGRCC00060238
856##$uhttp://readingroom.main.prlib.ru/item.aspx?id_node=n187462867&mode=full
Формат отображения